Bistern Estate Trust's Appeal (Record no. 64262)
[ view plain ]
| 000 -LEADER | |
|---|---|
| fixed length control field | 01430cam a2200229 4500 |
| 001 - CONTROL NUMBER | |
| control field | ABS62640 |
| 008 - FIXED-LENGTH DATA ELEMENTS--GENERAL INFORMATION | |
| fixed length control field | 000000n2000 000 0 eng u |
| 035 ## - SYSTEM CONTROL NUMBER | |
| System control number | (Sirsi) u107519 |
| 245 ## - TITLE STATEMENT | |
| Title | Bistern Estate Trust's Appeal |
| 260 ## - PUBLICATION, DISTRIBUTION, ETC. | |
| Date of publication, distribution, etc. | 2000 |
| 490 ## - SERIES STATEMENT | |
| Series statement | Estates Gazette Law Reports |
| Volume/sequential designation | [2000] 29 EG 124-127(4) |
| 520 ## - SUMMARY, ETC. | |
| Summary, etc. | LT 27 March 2000. L was granted a building lease for a 70-year term of a house. The lease was terminable on the death of the leaseholder and his wife. L died in 1995, and the tenant's widow, Mrs L served notice to acquire the freehold interest under the Leasehold Reform Act 1967. The leasehold valuation tribunal determined the price at £47,684. The landlord appealed contending that the price payable was £180,000, or alternatively £159,000. The higher sum would apply if the Law of Property Act 1925 S149(6) operated, so that the landlord, now tenant L was dead, could terminated the lease with one month's notice, thus making the leasehold interest worthless. The lower value would apply if the lease was not terminated until Mrs L's death. 'Decision' appeal allowed and price determined at £159,000. |
| 590 ## - LOCAL NOTE (RLIN) | |
| Local note | ABS |
| 650 ## - SUBJECT ADDED ENTRY--TOPICAL TERM | |
| Topical term or geographic name entry element | BISTERN ESTATE TRUST |
| 650 ## - SUBJECT ADDED ENTRY--TOPICAL TERM | |
| Topical term or geographic name entry element | LAW OF PROPERTY ACT 1925 S149(6) |
| 650 ## - SUBJECT ADDED ENTRY--TOPICAL TERM | |
| Topical term or geographic name entry element | MARRIAGE VALUE |
| 650 ## - SUBJECT ADDED ENTRY--TOPICAL TERM | |
| Topical term or geographic name entry element | CAPITALISATION |
| 650 ## - SUBJECT ADDED ENTRY--TOPICAL TERM | |
| Topical term or geographic name entry element | GROUND RENT |
| 650 ## - SUBJECT ADDED ENTRY--TOPICAL TERM | |
| Topical term or geographic name entry element | REVERSION |
| 690 ## - LOCAL SUBJECT ADDED ENTRY--TOPICAL TERM (OCLC, RLIN) | |
| Topical term or geographic name as entry element | LANDLORD AND TENANT-RESIDENTIAL TENANCIES-CASE LAW |
| 942 ## - ADDED ENTRY ELEMENTS (KOHA) | |
| Suppress in OPAC | 0 |
| Withdrawn status | Lost status | Source of classification or shelving scheme | Damaged status | Not for loan | Home library | Current library | Shelving location | Date acquired | Total Checkouts | Full call number | Barcode | Date last seen | Copy number | Price effective from | Koha item type |
|---|---|---|---|---|---|---|---|---|---|---|---|---|---|---|---|
| Dewey Decimal Classification | London | London | Journal article | 03/08/2000 | ABS62640 | 107519-1001 | 06/08/2019 | 1 | 06/08/2019 | Law report |